| 000 | 00368nam a22001217a 4500 | ||
|---|---|---|---|
| 082 | _a200 THE | ||
| 100 |
_aMudassir Ali _934865 |
||
| 245 | _aTH-SOF-1317-Design of Controller for the Rollover Prevention of | ||
| 260 |
_aIslamabad _bNUST College of EME _c2016 |
||
| 650 |
_a MS-ELECT-75 MSTHESIS _969881 |
||
| 700 | _aSupervisor DR. FAHAD MUMTAZ MALIK | ||
| 942 | _cCF | ||
| 999 |
_c576968 _d576968 |
||